000 00354nam a22001577a 4500
003 SGT
020 _a9789389859980
082 _a616.0757
_bR21D
100 _aDAHNERT, WOLFGANG
245 _aRADIOLOGY REVIEW MANUAL
250 _a1ST S.A.
260 _aINDIA
_bWOLTERS KLUWER PUB
_c2021
300 _a1490
650 _aRADIOLOGY
942 _2ddc
_cBK
999 _c30632
_d30632